000 00568nas a2200193 a 4500
001 72933
003 147188
005 20201118111057.0
008 ||||||n9999 ||| || ||
110 _aEscuela Superior de Administración Pública
245 0 _aPolítica & Administración - Vol.1/1
260 _c1994.
562 _e2
650 _aBOGOTÁ (COLOMBIA)--ADMINISTRACIÓN PÚBLICA
650 _aCIENCIAS POLÍTICAS
773 _050538
_aPolítica & Administración :
942 _cSISS
999 _c72933
_d72933